000
00254nam a2200109Ia 4500
008
231212s2000 xx 000 0 und d
041
_a
eng
082
_a
622.38154
100
_a
Sedha R.S.
245
_a
Applied Electronics
260
_a
Pune
_b
Nirali
_c
2000
999
_c
965511
_d
965511